Fangcang shelter hospitals for COVID-19 : construction and operation manual

Αποθηκεύτηκε σε:
Λεπτομέρειες βιβλιογραφικής εγγραφής
Άλλοι συγγραφείς: Yan, Zhi (edtf), Yan, Ge (trlf)
Μορφή: Βιβλίο
Γλώσσα:English
Δημοσίευση: Singapore : World Scientific, c2020.
Θέματα:
Ετικέτες: Προσθήκη ετικέτας
Δεν υπάρχουν, Καταχωρήστε ετικέτα πρώτοι!

MARC

LEADER 00000cam a2200000 a 4500
001 1/124576
008 220324s2020####si d ||| |||| ||eng||
020 |a 9789811223075 
040 |a GR-MyUa  |b gre  |c GR-MyUa  |e AACR2 
041 1 |a eng 
082 7 |a 621.2414   |2 (23) 
245 0 0 |a Fangcang shelter hospitals for COVID-19 :   |b construction and operation manual /   |c editor-in-chief Yan Zhi ; translator Yan Ge.  
260 |a Singapore :   |b World Scientific,   |c c2020.  
300 |a 115 σ. :   |b πιν. ;   |c 23 εκ.  
504 |a Περιλαμβάνει βιβλιογραφικές παραπομπές.  
650 0 |a COVID-19 (Disease) 
650 0 |a Hospital buildings  |x Design and construction. 
650 0 |a Hospitals  |x Emergency service. 
650 0 |a Coronavirus infections 
700 1 |a Yan, Zhi,  |e edtf 
700 1 |a Yan, Ge,  |e trlf 
852 |a INST  |b LESVOS  |e 20220324  |h 616.2414 FAN  |p 005100063606  |q 005100063606  |t BK  |y 0 
970 |a Καμάτσου  |b Δέσποινα  |z 24-03-2022